| 000 | 00000cam 2200000zi 4500 |
| 001 | 9.911068 |
| 003 | CaOODSP |
| 005 | 20260206100512 |
| 006 | m o d f |
| 007 | cr ||||||||||| |
| 008 | 220510t19891989once ob f000 0 eng d |
| 020 | |a0662171829|qprint |
| 040 | |aCaOODSP|beng|erda|cCaOODSP |
| 041 | |aeng|bfre|beng |
| 043 | |an-cn--- |
| 086 | 1 |aEn49-9/1-3E-PDF|zEn49-9/1-3E |
| 245 | 00|aEnvironmental codes of practice for steam electric power generation : |bconstruction phase. |
| 264 | 1|aOttawa : |bIndustrial Programs Branch, Environmental Protection, Environment Canada, |c1989. |
| 264 | 4|c©1989 |
| 300 | |a1 online resource (vii, 57 pages) : |bplans. |
| 336 | |atext|btxt|2rdacontent |
| 337 | |acomputer|bc|2rdamedia |
| 338 | |aonline resource|bcr|2rdacarrier |
| 490 | 1 |aReport ; |vEPS 1/PG/3 |
| 500 | |aDigitized edition from print [produced by Environment and Climate Change Canada]. |
| 500 | |a"August 1989." |
| 500 | |a"Environmental Protection Series reports"--Cover. |
| 500 | |aIssued also in French under title: Code de recommandations techniques pour la protection de l'environnement applicable aux centrales thermiques. |
| 504 | |aIncludes bibliographical references (pages 54-56). |
| 520 | 3 |a"The Environmental Code of Practice for Steam Electric Power Generation -Construction Phase, is one of a series of documents being developed for the steam electric power generation (SEPG) industry under the provisions of the Canadian Environmental Protection Act. This industry includes fossil-fuelled stations (gas, oil and coal-fired boilers), and nuclear-powered stations (CANDU heavy water reactors). In this document environmental concerns associated with construction activities at SEPG stations are discussed"--Abstract. |
| 546 | |aAbstract in English and French. |
| 650 | 0|aSteam power plants|xEnvironmental aspects|zCanada. |
| 650 | 0|aElectric power-plants|xEnvironmental aspects|zCanada. |
| 710 | 1 |aCanada. |bEnvironmental Protection Directorate. |bIndustrial Programs Branch, |eissuing body. |
| 775 | 08|tCode de recommandations techniques pour la protection de l'environnement applicable aux centrales thermiques : |w(CaOODSP)9.959642 |
| 830 | #0|aReport (Canada. Environment Canada)|vEPS 1/PG/3.|w(CaOODSP)9.851520 |
| 856 | 40|qPDF|s4.79 MB|uhttps://publications.gc.ca/collections/collection_2022/eccc/En49-9-1-3-eng.pdf |